The Encyclopedia of mineralogy /

Bibliographic Details
Other Authors: Frye, Keith, 1935-
Format: Book
Language:English
Published: Stroudsburg, Pa. : Hutchinson Ross, [1981]
Series:Encyclopedia of earth sciences ; v. 4B.
Subjects:

MARC

Tag First Indicator Second Indicator Subfields
LEADER 00000pam a2200000 a 4500
001 in00000071962
005 20151008062500.0
008 810612s1981 paua bd 00100 eng
010 |a  81000982  
020 |a 0879331844 
035 |a (OCoLC)07576154 
035 |9 AAK0316AM 
039 0 |a 2  |b 3  |c 3  |d 3  |e 3 
040 |a DLC  |c DLC  |d TXA  |d UtOrBLW 
049 |a TXAM  |c [1654769] 
050 0 0 |a QE355  |b .E49 
082 0 |a 549/.03/21  |2 19 
245 0 4 |a The Encyclopedia of mineralogy /  |c edited by Keith Frye. 
264 1 |a Stroudsburg, Pa. :  |b Hutchinson Ross,  |c [1981] 
264 4 |c ©1981 
300 |a xx, 794 pages :  |b illustrations ;  |c 26 cm. 
336 |a text  |b txt  |2 rdacontent 
337 |a unmediated  |b n  |2 rdamedia 
338 |a volume  |b nc  |2 rdacarrier 
490 1 |a Encyclopedia of earth sciences series ;  |v v. 4B 
504 |a Includes bibliographies and indexes. 
650 0 |a Mineralogy  |v Dictionaries. 
700 1 |a Frye, Keith,  |d 1935- 
830 0 |a Encyclopedia of earth sciences ;  |v v. 4B. 
999 |a MARS 
999 f f |s 56d6cea6-481e-3a56-a42e-3c189e467839  |i 9ef08b3b-4237-3b33-952a-052f099fd42b  |t 0 
952 f f |p ric  |a Texas A&M University  |b Rellis Campus  |c Joint Library Facility  |d Remote Storage  |t 0  |e QE355 .E49  |h Library of Congress classification  |i unmediated -- volume  |m A14806214442 
998 f f |a QE355 .E49  |t 0  |l Remote Storage